000 00621nam a2200205Ia 4500
001 17183
003 GE_BSU
008 181216s||||||||xx |||||||||||||| ||und||
040 _cGE_BSU
080 _a821.161.1-1
100 _aპუშკინი, ალექსანდრე
245 _aლექსები
245 _cთარგმ. ვანო წულუკიძისა. რედ. ნ. შველიძე
260 _aთბილისი
260 _bსაბლიტგამი
260 _c1950
300 _a138გვ. ; 21სმ
653 _aლექსები
942 _cBK
999 _c50245
_d50245